000 00376nam a2200145Ia 4500
005 20250729165804.0
008 250729s2007 xx 000 0 und d
041 _aeng
082 _a299.936 HUBD
100 _aHubbard L Ron
_9233047
245 _aDianetics the orginal Thesis
260 _aDenmark
_bNew Era Publication
_c2007
300 _a291p
650 _aReligion
_9233048
999 _c240086
_d240086